000 01249nam2a22002891 4500
001 rc\3917386
005 20250611022206.0
021 _aRU
_b[48-10143]
021 _aRU
_b[48-10124]
035 _a(NLR Aleph) 008023723
090 _a8777212
_c8777212
100 _a20130415d1947 |||y0rusy50 ca
101 0 _arus
102 _aRU
105 _aa z |||||
200 1 _aНепарный шелкопряд и меры борьбы с ним
210 _aФрунзе
_cТип. № 2
_d1947
215 _a8 с.
_cил.
225 1 _a...
_v№ 4
461 0 _1001rc\3917382
_12001#$aВредители плодовых садов Киргизии$fПод ред. С.П. Тарбинского$gКирг. с.-х. ин-т им. К.И. Скрябина. Вып. 1-$vВып. 4
_1700#1$aБелизин$bА.П.$gАлександр Петрович
_98777189
_aБелизин, А.П.
_cФрунзе
_d1947
_fПод ред. С.П. Тарбинского
_nТип. № 2
_tВредители плодовых садов Киргизии
_vВып. 4
606 _aШелкопряд непарный (вып. 4)
_2psbo
801 0 _aRU
_bNLR
_gpsbo
801 1 _aRU
_bELAR
_2rusmarc
852 _aNLR
_jС70 Г-4/216-4
942 _cBOOK
980 _aNB